000 00853nam a22002537a 4500
999 _c328114
_d328114
003 BLK
005 20240816154755.0
008 181218b bu ||||| |||| 00| 0 bu d
020 _a978-954-655-898-5
040 _aBLK
041 _aBUL
_cBUL
080 _aБългарска литература
_b821.163.2
_z821.163.2-31
_x-31
100 _aВезенкова, Вероника
_eпърви автор
_91299
139 _aВезенкова, Вероника
_bВ 36
245 _aАкадемия за Магьосници
_cЕл Феъри
260 _9209457
_aСофия
_bБард
_c2018
300 _a726 с.
_c21 см
380 _aX
500 _aЕл Феъри име на Вероника Везенкова
852 _bП
_cП 886.7-31/В 36
942 _cKNG
_n0
_011
999 _d328114
944 _k30530
_lМинев Младен